[Event "5th MTel Masters"]
[Site "Sofia BUL"]
[Date "2009.05.17"]
[Round "5"]
[White "Ivanchuk,V"]
[Black "Topalov,V"]
[Result "0-1"]
[WhiteElo "2746"]
[BlackElo "2812"]

1.e4 c5 2.Nf3 d6 3.d4 cxd4 4.Nxd4 Nf6 5.Nc3 a6 6.Bg5 e6 7.f4 Be7 8.Qf3 Qc7
9.O-O-O Nbd7 10.Bd3 h6 11.Qh3 Nc5 12.Rhe1 Rg8 13.Bh4 g5 14.e5 dxe5 15.fxg5 hxg5
16.Bg3 Ncd7 17.Nxe6 Qb6 18.Bc4 g4 19.Qh6 fxe6 20.Bh4 Bf8 21.Qd2 Qc6 22.Bd3 b5
23.Ne4 Nd5 24.Rf1 Bb7 25.Rxf8+ Nxf8 26.Qh6 Rg6 27.Nf6+ Rxf6 28.Bxf6 Nxf6
29.Bg6+ Nxg6 30.Qxg6+ Ke7 31.Qg7+ Ke8 32.Qxf6 Rc8 33.c3 b4 34.Qg6+ Ke7 35.Qg7+ Ke8
36.Rf1 Qc5 37.Qxb7 Qe3+ 38.Kc2 Qe2+ 39.Kb3 Qc4+ 40.Kc2 b3+ 41.Kd2 Rd8+ 42.Ke1 Rd1+
43.Kxd1 Qxf1+ 44.Kd2 Qf4+ 45.Kd1 bxa2 46.Qc8+ Kf7 47.Qd7+ Kf6 48.Qd8+ Kf5
49.Qf8+ Ke4 50.Qa8+ Kd3 51.Qxa6+ Qc4 52.Qa7 g3 53.h3 Qb3+ 54.Ke1 Kc2  0-1

[Event "5th MTel Masters"]
[Site "Sofia BUL"]
[Date "2009.05.22"]
[Round "9"]
[White "Topalov,V"]
[Black "Ivanchuk,V"]
[Result "1-0"]
[WhiteElo "2812"]
[BlackElo "2746"]

1.e4 e5 2.Nf3 Nc6 3.Bb5 a6 4.Ba4 Nf6 5.O-O Be7 6.Re1 b5 7.Bb3 d6 8.c3 O-O
9.h3 Na5 10.Bc2 c5 11.d4 Qc7 12.d5 Bd7 13.b3 c4 14.Ba3 Bd8 15.Nbd2 Ne8 16.Bb4 cxb3
17.axb3 Nb7 18.Qe2 Qb8 19.Ba3 Bb6 20.b4 Nc7 21.Bd3 a5 22.Nf1 axb4 23.cxb4 f6
24.Ne3 g6 25.Bb2 Rxa1 26.Rxa1 Nd8 27.Nd2 Nf7 28.Kh2 Qd8 29.Rf1 Qe7 30.Bc1 Ra8
31.Nb1 Bd4 32.Nc2 Bb6 33.Nc3 f5 34.exf5 gxf5 35.f4 Rc8 36.Be3 Bxe3 37.Qxe3 Ne8
38.Be2 Qf6 39.Qd2 exf4 40.Nd4 Qe5 41.Bxb5 f3+ 42.Kg1 Bxb5 43.Ncxb5 fxg2 44.Rxf5 Qe4
45.Nc3 Qh4 46.Qxg2+ Kh8 47.Nce2 Nf6 48.Rf4 Qh6 49.Nf5 Qf8 50.Ned4 Ne5 51.b5 Qg8
52.Ne7 Rc1+ 53.Kh2 Qxg2+ 54.Kxg2 Nfd7 55.Ndf5 Nc4 56.Rg4 Nf6 57.Rg3 Rc2+
58.Kg1 Rc1+ 59.Kh2 Rc2+ 60.Rg2 Rxg2+ 61.Kxg2 Ne4 62.Nc8 Nc3 63.Ncxd6 Nb6
64.Ne3 Kg7 65.Kf3 Kf8 66.Kf4 Ke7 67.Ndc4 Nxc4 68.Nxc4 Nxd5+ 69.Kg5 Kd7 70.h4 Ne7
71.Kf6 Ng6 72.Ne5+ Nxe5 73.Kxe5 Kc7 74.h5 Kb6 75.Kf6 Kxb5 76.Kg7 Ka4 77.Kxh7 Kb3
78.h6 Ka2 79.Kg6 Kb1 80.h7 Kc2 81.h8=Q  1-0

[Event "37th Greek Teams"]
[Site "Kallithea GRE"]
[Date "2009.07.04"]
[Round "1"]
[White "Ivanchuk,V"]
[Black "Mchedlishvili,M"]
[Result "1/2-1/2"]
[WhiteElo "2703"]
[BlackElo "2592"]

1.e4 c6 2.d4 d5 3.f3 e6 4.Nc3 Bb4 5.Ne2 dxe4 6.a3 Ba5 7.fxe4 e5 8.Qd3 Qh4+
9.g3 Qe7 10.d5 Nf6 11.d6 Qe6 12.h4 Ng4 13.Bh3 h5 14.Rf1 Qg6 15.Rf5 f6 16.Bd2 Qf7
17.Bxg4 hxg4 18.Rf2 Be6 19.Na4 Bb6 20.Be3 Nd7 21.O-O-O Qg6 22.b3 Bxe3+ 23.Qxe3 Qh6
24.Qxh6 Rxh6 25.Nb2 b5 26.Nd3 a5 27.Kd2 Rh8 28.Ke3 Kf7 29.Nc3 Rhb8 30.Rfd2 Ra6
31.h5 Kg8 32.Rh2  1/2-1/2

[Event "37th Greek Teams"]
[Site "Kallithea GRE"]
[Date "2009.07.05"]
[Round "4"]
[White "Miroshnichenko,E"]
[Black "Ivanchuk,V"]
[Result "1/2-1/2"]
[WhiteElo "2696"]
[BlackElo "2703"]

1.d4 c6 2.c4 d5 3.Nf3 Nf6 4.Qb3 e6 5.g3 Be7 6.Bg2 O-O 7.O-O Nbd7 8.Nc3 b6
9.Bf4 Nh5 10.Bd2 Nhf6 11.Bf4 Nh5 12.Bd2 Nhf6 13.Rfd1 Bb7 14.Rac1 Rc8 15.cxd5 cxd5
16.Bf4 Nh5 17.Bd2 Nhf6 18.Bf4 Nh5 19.Bd2  1/2-1/2

[Event "37th Greek Teams"]
[Site "Kallithea GRE"]
[Date "2009.07.05"]
[Round "5"]
[White "Ivanchuk,V"]
[Black "Tomashevsky,E"]
[Result "1/2-1/2"]
[WhiteElo "2703"]
[BlackElo "2689"]

1.Nf3 Nf6 2.d4 e6 3.c4 b6 4.g3 Bb7 5.Bg2 Be7 6.Nc3 O-O 7.Bf4 Na6 8.a3 d5
9.cxd5 exd5 10.O-O c5 11.Qc2 Qd7 12.Rfd1 Rfd8 13.dxc5 Nxc5 14.Nd4 Nce4 15.Nxe4 dxe4
16.Qc7 Qxc7 17.Bxc7 Rd5 18.Rac1 Bc5 19.Nb3 Rxd1+ 20.Rxd1 Be7 21.Be5 Rd8 22.Rxd8+ Bxd8
23.Bd4 Ne8 24.g4 h6 25.e3 Bf6 26.Bxf6 Nxf6 27.h3 Ne8 28.Bf1 Nd6 29.Be2 g5
30.Nd4 Kg7 31.Kf1 Kf6 32.Ke1 Ke5 33.Kd2 f5 34.Kc3 f4 35.a4 Ne8 36.b3 Nf6
37.Kd2  1/2-1/2

[Event "37th Greek Teams"]
[Site "Kallithea GRE"]
[Date "2009.07.06"]
[Round "6"]
[White "Tiviakov,S"]
[Black "Ivanchuk,V"]
[Result "1/2-1/2"]
[WhiteElo "2674"]
[BlackElo "2703"]

1.e4 c6 2.d4 d5 3.Nd2 dxe4 4.Nxe4 Bf5 5.Ng3 Bg6 6.Nh3 Nf6 7.Nf4 e5 8.Nxg6 hxg6
9.dxe5 Qa5+ 10.c3 Qxe5+ 11.Qe2 Nbd7 12.Bf4 Qxe2+ 13.Bxe2 Nd5 14.Bd2 N7f6
15.Bf3 O-O-O 16.O-O-O Bc5 17.Bxd5 Nxd5 18.Ne4 Bb6 19.c4 Rh4 20.cxd5 Rxe4
21.dxc6 Rc4+  1/2-1/2

[Event "GM"]
[Site "Biel SUI"]
[Date "2009.07.20"]
[Round "2"]
[White "Alekseev,Evgeny"]
[Black "Ivanchuk,V"]
[Result "1/2-1/2"]
[WhiteElo "2714"]
[BlackElo "2703"]

1.e4 e6 2.d4 d5 3.Nc3 Bb4 4.exd5 exd5 5.Bd3 c6 6.Qf3 Qf6 7.Qxf6 Nxf6 8.Ne2 Nbd7
9.a3 Be7 10.f3 h5 11.h4 Nf8 12.Nf4 Bd7 13.Kf2 O-O-O 14.Nce2 Ne8 15.Bd2 Bf6
16.Bb4 g6 17.Rae1 Ng7 18.c3 Bf5 19.Ng3 Bxd3 20.Nxd3 Nfe6 21.a4 Rhe8 22.f4 b6  1/2-1/2

[Event "GM"]
[Site "Biel SUI"]
[Date "2009.07.27"]
[Round "7"]
[White "Ivanchuk,V"]
[Black "Alekseev,Evgeny"]
[Result "1/2-1/2"]
[WhiteElo "2703"]
[BlackElo "2714"]

1.d4 Nf6 2.c4 e6 3.Nc3 Bb4 4.Qc2 O-O 5.a3 Bxc3+ 6.Qxc3 d5 7.e3 b6 8.Nf3 Bb7
9.b3 Nbd7 10.Be2 c5 11.O-O Rc8 12.a4 Qc7 13.Rd1 Rfe8 14.Bb2 dxc4 15.Bxc4 Ne4
16.Qc2 Ndf6 17.dxc5 Qxc5 18.Qe2 Qh5 19.h3 Rc5 20.Rac1 h6 21.Nd4 Qh4 22.Nf3 Qh5
23.Nd4 Qh4 24.f3 Nd6 25.Bb5 Rxc1 26.Rxc1 Nxb5 27.Qxb5 Rd8 28.Qe5 Qg5 29.Qxg5 hxg5
30.e4 Rd7 31.Nb5 a6 32.Na3 Nh5 33.Be5 f6 34.Bb8 Nf4 35.Bxf4 gxf4 36.Nc4 Rc7
37.Rd1 b5 38.Na5 Bc8 39.axb5 axb5 40.b4 e5 41.Rd6 Kf8 42.Rb6 Bd7 43.Nb3 Ra7
44.Nc5 Be8 45.h4 Ke7 46.Kh2 Kf8 47.Kh3 Bh5 48.Rb8+ Kf7 49.Rxb5 Ra1 50.Kh2 Ra2
51.Kg1 Ra1+ 52.Kh2 Ra2 53.Ra5 Rb2 54.Nd3 Rb3 55.Rd5 Kg6 56.Kg1 Kh6 57.Rd8 Kh7
58.Rd7 Kg8 59.Rd8+ Kh7 60.Rd7 Kg8 61.Rd8+  1/2-1/2

[Event "5th FIDE GP"]
[Site "Jermuk ARM"]
[Date "2009.08.16"]
[Round "7"]
[White "Kasimdzhanov,R"]
[Black "Ivanchuk,V"]
[Result "1/2-1/2"]
[WhiteElo "2672"]
[BlackElo "2703"]

1.d4 d5 2.c4 c6 3.Nf3 Nf6 4.Nc3 a6 5.c5 Bf5 6.Nh4 Bc8 7.Nf3 Bf5 8.Bf4 Nbd7
9.e3 e6 10.Be2 Ne4 11.Nxe4 Bxe4 12.O-O Bxf3 13.Bxf3 Be7 14.e4 dxe4 15.Bxe4 O-O
16.Re1 Re8 17.Bf3 Bg5 18.Bd6 Be7 19.Bg3 Bh4 20.Bd6 Be7  1/2-1/2

[Event "5th FIDE GP"]
[Site "Jermuk ARM"]
[Date "2009.08.18"]
[Round "9"]
[White "Eljanov,P"]
[Black "Ivanchuk,V"]
[Result "1/2-1/2"]
[WhiteElo "2716"]
[BlackElo "2703"]

1.d4 d5 2.c4 e6 3.Nf3 dxc4 4.e3 c5 5.Bxc4 a6 6.O-O Nf6 7.a4 Nc6 8.Nc3 Be7
9.dxc5 Qxd1 10.Rxd1 Bxc5 11.Bd2 Bd7 12.a5 Bb4 13.Na4 Ke7 14.Bxb4+ Nxb4 15.Nb6 Rab8
16.Ne5 Rhd8 17.Rdc1 Be8 18.Be2 Nfd5 19.Nxd5+ Rxd5 20.Rc4 Nc6 21.Nxc6+ Bxc6
22.Bf3 Rd2 23.h3 Bxf3 24.gxf3 Rbd8 25.Rb4 R8d7 26.Kg2 f5 27.Kg3 g5 28.Rh1 Kf6
29.h4 gxh4+ 30.Rhxh4 Rg7+ 31.Kh3 Rg6 32.f4 h6 33.Rxb7 Rxf2 34.Rb6 Re2 35.Rxa6 Rxe3+
36.Kh2 Re2+ 37.Kh3 Rxb2 38.Ra7 Rb3+ 39.Kh2 Rb2+ 40.Kh3 Ra2 41.Rh7 e5 42.R4xh6 Ra3+
43.Kh4 exf4 44.Rxg6+ Kxg6 45.Ra7 Kf6 46.a6 Ke5 47.Re7+ Kd6 48.Re1 Rxa6 49.Kg5 f3
50.Kxf5  1/2-1/2

[Event "5th FIDE GP"]
[Site "Jermuk ARM"]
[Date "2009.08.20"]
[Round "10"]
[White "Ivanchuk,V"]
[Black "Karjakin,Sergey"]
[Result "1/2-1/2"]
[WhiteElo "2703"]
[BlackElo "2717"]

1.d4 Nf6 2.c4 e6 3.Nf3 d5 4.Bg5 h6 5.Bxf6 Qxf6 6.Nbd2 Be7 7.a3 c5 8.e4 cxd4
9.cxd5 exd5 10.exd5 O-O 11.Ne4 Qf4 12.Qxd4 Re8 13.Be2 Bxa3 14.Rxa3 Rxe4 15.Qd2 Nd7
16.Qxf4 Rxf4 17.O-O Rb4 18.b3 Nf6 19.Rd1 Bf5 20.Nd4 Be4 21.d6 a6 22.Bf3 Rd8
23.Bxe4 Nxe4 24.Nf5 Rb5 25.f3 Nc3 26.Ne7+ Kf8 27.Rd3 Ne2+ 28.Kf2 Nc1 29.Rd1 Nxb3
30.g4 g6 31.h4 Nc5 32.Rc3 Ne6 33.Re3 Kg7 34.Kg3 Rb6 35.Red3 a5 36.h5 a4 37.hxg6 fxg6
38.d7 Ra6 39.Nc8 a3 40.Ra1 a2 41.Rd2 b5 42.Raxa2 Rxa2 43.Rxa2 Rxd7 44.Ra6 Nd4
45.Rb6 Ne2+ 46.Kf2 Nc3 47.Kg3 Rd3 48.Na7 Rd5 49.Kf2 h5 50.Kg3 Ne2+ 51.Kf2 Nd4
52.Kg3 Kh6 53.Rb8 Kg5 54.f4+ Kh6 55.Rb6 Ne2+ 56.Kf3 Nc3 57.Kg3 Rd3+ 58.Kh4 Nd5
59.Rd6 Nxf4 60.g5+ Kg7 61.Rxd3 Nxd3 62.Nxb5 Kf7 63.Nd4 Ke7 64.Kg3 Kd6 65.Nf3 Kd5
66.Nh4 Ne5 67.Kf4 Kd4 68.Ng2 Nd3+ 69.Kf3 Ke5 70.Nh4 Nf4 71.Ke3 Nd5+ 72.Kf2 Ne7
73.Kf3 Kd4 74.Kf4 Kd5 75.Nf3 Nf5 76.Ne5 Nh4 77.Nf7 Ke6 78.Nh8 Ke7 79.Kg3 Kf8
80.Kxh4 Kg7 81.Nxg6 Kxg6 82.Kg3 Kxg5  1/2-1/2

[Event "Unive Crown"]
[Site "Hoogeveen NED"]
[Date "2009.10.18"]
[Round "1"]
[White "Giri,A"]
[Black "Ivanchuk,V"]
[Result "1/2-1/2"]
[WhiteElo "2552"]
[BlackElo "2756"]

1.d4 Nf6 2.c4 e6 3.Nf3 d5 4.Nc3 Bb4 5.cxd5 exd5 6.Bg5 Nbd7 7.e3 c5 8.Be2 Qa5
9.O-O c4 10.Nd2 Bxc3 11.bxc3 Qxc3 12.e4 Nxe4 13.Nxe4 dxe4 14.Rc1 Qa5 15.Bd2 Qf5
16.Rxc4 O-O 17.Qc2 Nb6 18.Rc5 Qg6 19.Rg5 Qc6 20.Rc5 Qg6 21.Rg5 Qc6 22.Rc5  1/2-1/2

[Event "World Blitz"]
[Site "Moscow RUS"]
[Date "2009.11.16"]
[Round "7"]
[White "Ivanchuk,V"]
[Black "Gelfand,B"]
[Result "1-0"]
[WhiteElo "2739"]
[BlackElo "2758"]

1.e4 c5 2.Nf3 d6 3.d4 cxd4 4.Nxd4 Nf6 5.Nc3 a6 6.a4 Nc6 7.Be2 e5 8.Nf3 h6
9.Be3 Be7 10.Nd5 Nxd5 11.exd5 Nb8 12.a5 O-O 13.O-O f5 14.Nd2 Nd7 15.Nc4 f4
16.Bd2 Rb8 17.Bg4 Nf6 18.Bxc8 Qxc8 19.Nb6 Qf5 20.f3 Rbe8 21.c4 Bd8 22.Bb4 Bxb6+
23.axb6 Rd8 24.Qe2 e4 25.fxe4 Nxe4 26.Rae1 Rfe8 27.Qd3 Re5 28.Bc3 Nxc3 29.Qxf5 Rxf5
30.bxc3 Rf7 31.Re6 Rc8 32.Rxd6 Rxc4 33.Rd8+ Rf8 34.Rxf8+ Kxf8 35.d6 Ke8 36.Re1+ Kd7
37.Re7+ Kxd6 38.Rxb7 Rxc3 39.Rxg7 Rb3 40.Rg6+ Kc5 41.Rxh6 a5 42.Rf6 Rb4 43.b7 Rxb7
44.Rxf4 Ra7 45.Ra4 Kb5 46.Ra1 a4 47.h4 a3 48.h5 Kb4 49.Kh2 a2 50.h6 Kb3 51.g4 Kb2
52.Rf1 Rc7 53.g5 Rc1 54.h7 Rxf1 55.h8=Q+ Kc2 56.Qc8+ Kd2 57.Qd7+ Kc1 58.Qc6+ Kb2
59.Qb5+  1-0

[Event "World Blitz"]
[Site "Moscow RUS"]
[Date "2009.11.16"]
[Round "9"]
[White "Gashimov,V"]
[Black "Ivanchuk,V"]
[Result "0-1"]
[WhiteElo "2758"]
[BlackElo "2739"]

1.e4 e5 2.Nf3 Nc6 3.Bb5 Nf6 4.O-O Bc5 5.d3 d6 6.Be3 Bb6 7.Nbd2 O-O 8.h3 Ne7
9.Ba4 Ng6 10.Qe1 c6 11.c3 Bc7 12.Bb3 d5 13.Rd1 Re8 14.Bg5 h6 15.Be3 Be6 16.Nh2 d4
17.Bxe6 Rxe6 18.Nb3 dxe3 19.fxe3 a5 20.Qe2 Bb6 21.Kh1 Qe7 22.a4 Rd8 23.Nd2 Bc7
24.Nhf3 Qd7 25.Ne1 b5 26.axb5 cxb5 27.Rf2 a4 28.Ra1 Bb6 29.Nf1 Nf8 30.Ng3 g6
31.Rd1 Rde8 32.Nc2 N8h7 33.Qf1 h5 34.Ne2 Rd8 35.d4 Nxe4  0-1

[Event "World Blitz"]
[Site "Moscow RUS"]
[Date "2009.11.16"]
[Round "14"]
[White "Ivanchuk,V"]
[Black "Ponomariov,R"]
[Result "0-1"]
[WhiteElo "2739"]
[BlackElo "2739"]

1.d4 d5 2.c4 c6 3.Nf3 Nf6 4.Qc2 g6 5.Bf4 Bg7 6.e3 O-O 7.Nc3 a6 8.Bd3 Bg4
9.Ne5 Be6 10.h3 Nbd7 11.Rd1 Nxe5 12.dxe5 Nd7 13.cxd5 cxd5 14.Be2 Nxe5 15.Qb3 b5
16.Nxd5 Qa5+ 17.Qb4 Qxb4+ 18.Nxb4 Nc4 19.Nc6 Rfe8 20.b3 Bc3+ 21.Kf1 Nd2+
22.Kg1 Rac8 23.Nd4 Bxd4 24.Rxd2 Bc3 25.Rd1 Bf6 26.Bd3 g5 27.Bg3 h5 28.h4 gxh4
29.Bxh4 Red8 30.Bxf6 exf6 31.Rh4 Kf8 32.Rxh5 Ke7 33.Rh4 a5 34.Kf1 b4 35.Ke2 Rc3
36.Rd4 Rxd4 37.exd4 Kd6 38.f3 a4 39.bxa4 Ra3 40.d5 Bd7 41.Bc4 Bxa4 42.Rd2 Rc3
43.Ba6 Bc2 44.Bb5 Bb1 45.Ba4 Bf5 46.Bb3 Bd7 47.Rd4 Kc5 48.Rf4 f5 49.Kd2 f6
50.Rh4 Bb5 51.Rh8 Rd3+ 52.Kc2 Re3 53.Rc8+ Kd6 54.Rb8 Kc5 55.d6 Bd7 56.Rf8 Kxd6
57.Rxf6+ Kc5 58.Kd2 Re5 59.f4 Re4 60.g3 Re7 61.Rg6 Bb5 62.Bc2 Re2+ 63.Kc1 Bc4
64.Bxf5 Bxa2 65.Rg5 Kd4 66.Bh7 Kc3 67.Rc5+ Bc4 68.Kd1 Rf2 69.Rxc4+ Kxc4 70.Kc1 Kc3
71.Kd1 b3  0-1

[Event "World Blitz"]
[Site "Moscow RUS"]
[Date "2009.11.17"]
[Round "17"]
[White "Tkachiev,V"]
[Black "Ivanchuk,V"]
[Result "1-0"]
[WhiteElo "2642"]
[BlackElo "2739"]

1.e4 e6 2.d4 d5 3.exd5 exd5 4.Nf3 Nf6 5.Bd3 Bd6 6.O-O O-O 7.h3 Re8 8.Bg5 Nbd7
9.c3 Nf8 10.Qc2 h6 11.Bh4 Ne6 12.Re1 Bd7 13.Nbd2 Nf4 14.Ne5 Nxd3 15.Qxd3 Be6
16.Re2 Be7 17.Qf3 Nh7 18.Bxe7 Qxe7 19.Rae1 Qd6 20.h4 Nf8 21.Nf1 f6 22.Nd3 Bf7
23.Ng3 Bg6 24.Rxe8 Rxe8 25.Rxe8 Bxe8 26.Nf5 Qd7 27.Qxd5+ Qxd5 28.Ne7+ Kh8
29.Nxd5 c6 30.Ne3 Bf7 31.b3 Nd7 32.f3 Kg8 33.c4 Kf8 34.Kf2 a5 35.Ke2 Be6
36.Nf4 Bf7 37.Nf5 b6 38.Nd6 Bg8 39.Ng6+  1-0

[Event "World Blitz"]
[Site "Moscow RUS"]
[Date "2009.11.17"]
[Round "19"]
[White "Karjakin,Sergey"]
[Black "Ivanchuk,V"]
[Result "1-0"]
[WhiteElo "2723"]
[BlackElo "2739"]

1.e4 c5 2.Nf3 d6 3.d4 cxd4 4.Nxd4 Nf6 5.Nc3 Nc6 6.Bg5 e6 7.Qd2 a6 8.O-O-O Be7
9.f4 Bd7 10.Nf3 b5 11.Bxf6 gxf6 12.Kb1 Qb6 13.f5 O-O-O 14.Qe1 Kb8 15.fxe6 fxe6
16.g3 Bc8 17.Bh3 Rhe8 18.Rf1 Bf8 19.Ne2 Bg7 20.Nf4 Qc5 21.a3 f5 22.exf5 exf5
23.Qf2 Ne5 24.Nxe5 Bxe5 25.Nd3 Qxf2 26.Rxf2 f4 27.Bxc8 fxg3 28.hxg3 Rxc8
29.Nxe5 dxe5 30.Rd6 e4 31.Rxa6 e3 32.Re2 Rcd8 33.c3 Rd5 34.Rh6 Re7 35.Kc2 Rg5
36.Rh3 h5 37.Kd1 Kc7 38.Ke1 Kb6 39.Kf1 Rd5 40.Kg2 Ka5 41.Rh4 Rf5 42.Rd4 Ref7
43.Rxe3 Rf2+ 44.Kh3 Rxb2 45.Re5 Rf1 46.Rxh5 Ra2 47.Kg4 Rxa3 48.c4  1-0

[Event "World Blitz"]
[Site "Moscow RUS"]
[Date "2009.11.17"]
[Round "20"]
[White "Ivanchuk,V"]
[Black "Karpov,Ana"]
[Result "1-0"]
[WhiteElo "2739"]
[BlackElo "2619"]

1.d4 Nf6 2.c4 e6 3.Nc3 Bb4 4.Qc2 O-O 5.a3 Bxc3+ 6.Qxc3 d5 7.e3 b6 8.Nf3 Bb7
9.b3 Nbd7 10.Be2 c5 11.O-O Rc8 12.a4 cxd4 13.exd4 Qc7 14.Re1 dxc4 15.bxc4 Ba6
16.Ba3 Rfe8 17.Rac1 e5 18.Bf1 exd4 19.Nxd4 Rxe1 20.Rxe1 Re8 21.Nf5 Rxe1 22.Qxe1 Qe5
23.Ne7+ Kh8 24.Qd2 h6 25.Nc6 Qc7 26.Qd6 Qxd6 27.Bxd6 Ne4 28.Bb4 Ndc5 29.f3 Nd6
30.Nxa7 Nxc4 31.Bxc5 bxc5 32.Nc6 Bb7 33.Bxc4 Bxc6 34.a5 Kg8 35.Kf2 Kf8 36.Ke3 Ke7
37.Kd3 f6 38.Ba6 Kd6 39.Kc4 f5 40.Bc8 f4 41.a6 Kc7 42.Kxc5 Bxf3 43.gxf3 Kxc8
44.Kd6 g5 45.Ke5 Kb8 46.Kf5 Ka7 47.h3 Kxa6 48.Ke4  1-0

[Event "World Blitz"]
[Site "Moscow RUS"]
[Date "2009.11.17"]
[Round "25"]
[White "Ivanchuk,V"]
[Black "Aronian,L"]
[Result "1/2-1/2"]
[WhiteElo "2739"]
[BlackElo "2786"]

1.e4 e5 2.Nc3 Nc6 3.f4 exf4 4.Nf3 Nf6 5.Bc4 Bb4 6.Nd5 Nxd5 7.exd5 Qe7+ 8.Qe2 Qxe2+
9.Kxe2 Ne7 10.d4 Ng6 11.h4 h5 12.Bd3 Be7 13.Bxg6 fxg6 14.Bxf4 d6 15.Bg5 Bf6
16.Rae1 Bf5 17.Kd2+ Kd7 18.Re3 Rae8 19.Rhe1 Rxe3 20.Rxe3 Re8 21.c4 Bb1 22.a3 a6
23.g3 b5 24.b3 Bf5 25.Rxe8 Kxe8 26.Kc3 Kd7 27.a4 Kc8 28.Kb4 bxc4 29.bxc4 Be4
30.Nd2 Bc2 31.Be3 Kb7 32.Nb3 Bxb3 33.Kxb3 Kc8 34.Kc2 Kd7 35.Kd3 Kc8 36.Ke4 Kd7
37.Bf2 Kc8 38.Kf4 Kd7 39.g4 hxg4 40.Kxg4 Kc8 41.Be3 Kb7 42.c5 c6 43.dxc6+ Kxc6
44.cxd6 Kxd6 45.Bf4+ Kd5 46.Be5 Ke4 47.a5 Kd5 48.Kg3 Bd8 49.Bxg7 Bxa5 50.Kg4 Bc3
51.Kg5 a5 52.Kxg6 a4 53.Bf8 Bxd4 54.h5 Be3 55.Kf5 Kc4 56.Ke4 Bc1 57.h6 Bxh6
58.Bxh6  1/2-1/2

[Event "World Blitz"]
[Site "Moscow RUS"]
[Date "2009.11.18"]
[Round "30"]
[White "Ivanchuk,V"]
[Black "Gashimov,V"]
[Result "0-1"]
[WhiteElo "2739"]
[BlackElo "2758"]

1.e4 c5 2.Nf3 d6 3.d4 cxd4 4.Nxd4 Nf6 5.Nc3 g6 6.Bg5 Bg7 7.Bb5+ Nbd7 8.Qe2 O-O
9.O-O-O a6 10.Bxd7 Bxd7 11.f4 Rc8 12.e5 Rxc3 13.bxc3 Nd5 14.Qf3 Qa5 15.Nb3 Qa3+
16.Kb1 Nb6 17.Rd4 dxe5 18.Rb4 Bc6 19.Qxc6 bxc6 20.Rxb6 exf4 21.Bxf4 Bxc3
22.Bc1 Qa4 23.Rd1 a5 24.Rd7 Qe4 25.g3 a4 26.Nc5 Qf5 27.Be3 Re8 28.Rd3 Bg7
29.Nxa4 Qf1+ 30.Bc1 Bh6 31.Rd8 Qxc1+  0-1

[Event "World Blitz"]
[Site "Moscow RUS"]
[Date "2009.11.18"]
[Round "32"]
[White "Ivanchuk,V"]
[Black "Bareev,E"]
[Result "1-0"]
[WhiteElo "2739"]
[BlackElo "2634"]

1.d4 e6 2.c4 f5 3.Nc3 Nf6 4.Qc2 d5 5.Nf3 c6 6.Bf4 Be7 7.e3 O-O 8.h3 Ne4 9.Bd3 Nd7
10.g4 Ndf6 11.Ne5 Nxc3 12.bxc3 dxc4 13.Bxc4 Nd5 14.Bg3 Qa5 15.Rc1 Nxc3 16.Qd2 Bb4
17.Nd3 Nxa2 18.Nxb4 Nxc1 19.O-O fxg4 20.Rxc1 gxh3 21.Kh2 Bd7 22.Qb2 Qf5 23.Rg1 Rf6
24.Nd3 b5 25.Ne5 bxc4 26.Nxd7 Qb5 27.Nxf6+ gxf6 28.Qa3 Kf7 29.Qd6 Qb7 30.Qf4 Rg8
31.Qh6 Rg7 32.Qh5+ Ke7 33.Qc5+ Kf7 34.Qxc4 Qb5 35.Qc2 h5 36.Qe4 Rg4 37.Qh7+ Rg7
38.Qe4 Rg4 39.Qf3 a5 40.Rc1 f5 41.Rxc6 h4 42.Rc7+ Kg6 43.Be5 Kh6 44.Qa8 Rg2+
45.Kxh3  1-0

[Event "World Blitz"]
[Site "Moscow RUS"]
[Date "2009.11.18"]
[Round "34"]
[White "Ivanchuk,V"]
[Black "Svidler,P"]
[Result "1-0"]
[WhiteElo "2739"]
[BlackElo "2754"]

1.e4 e5 2.Nc3 Nf6 3.f4 d5 4.exd5 Nxd5 5.fxe5 Nxc3 6.bxc3 Qh4+ 7.Ke2 Qe4+
8.Kf2 Qxe5 9.Nf3 Qh5 10.Rb1 a6 11.Qe2+ Be7 12.Ba3 Nc6 13.Qe3 Qf5 14.Bxe7 Nxe7
15.Bd3 Qe6 16.Qxe6 fxe6 17.Rhe1 h6 18.Bc4 Kf7 19.Re4 Rd8 20.Rbe1 Nd5 21.Nd4 b5
22.Bb3 c5 23.Nc6 Rd6 24.Ne5+ Kg8 25.c4 Nf6 26.R4e2 b4 27.Nd3 a5 28.Nxc5 Rc6
29.Na4 e5 30.h3 Be6 31.Rxe5 Rf8 32.Rxe6  1-0

[Event "World Blitz"]
[Site "Moscow RUS"]
[Date "2009.11.18"]
[Round "35"]
[White "Ponomariov,R"]
[Black "Ivanchuk,V"]
[Result "1/2-1/2"]
[WhiteElo "2739"]
[BlackElo "2739"]

1.d4 Nf6 2.c4 e6 3.Nf3 b6 4.g3 Ba6 5.b3 Bb4+ 6.Bd2 Be7 7.Bg2 c6 8.Bc3 d5
9.Ne5 Nfd7 10.Nxd7 Nxd7 11.Nd2 O-O 12.O-O Nf6 13.Re1 c5 14.cxd5 Nxd5 15.Bb2 cxd4
16.Bxd4 Bb4 17.Qc2 Rc8 18.Qb2 Bc3 19.Bxc3 Nxc3 20.Ne4 Nxe4 21.Bxe4 Qf6 22.Qa3 Bxe2
23.Qxa7 Qd4 24.Qa4 Qxa4 25.bxa4 Bc4 26.Reb1 Rb8 27.Rb4 Rfc8 28.Rc1 Bxa2 29.Rxc8+ Rxc8
30.Rxb6 f5 31.Bc6 Bd5 32.Bxd5 exd5 33.Rb5 d4 34.Rxf5 d3 35.Rd5 Ra8 36.Rd4 d2
37.Kg2 Rxa4 38.Rxd2 h5 39.Rd5 g6 40.Rd7 Rc4 41.Kf3 Rb4 42.Ke3 Kf8 43.h4 Ra4
44.Rd4 Ra2 45.f3 Kg7 46.Kf4 Ra5 47.Re4 Kf6 48.Rc4 Rb5 49.Ke4 Re5+ 50.Kd4 Re1
51.Rc6+ Kf7 52.Rc5 Kf6 53.Rg5 Rd1+ 54.Ke3 Re1+ 55.Kf2 Ra1 56.f4 Ra2+ 57.Kf3 Ra3+
58.Kg2 Ra2+ 59.Kh3 Rf2 60.Rb5 Kf7 61.Rb7+  1/2-1/2

[Event "World Blitz"]
[Site "Moscow RUS"]
[Date "2009.11.18"]
[Round "40"]
[White "Ivanchuk,V"]
[Black "Karjakin,Sergey"]
[Result "1/2-1/2"]
[WhiteElo "2739"]
[BlackElo "2723"]

1.e4 e5 2.Nc3 Nf6 3.Nf3 Nc6 4.Bc4 Nxe4 5.Nxe4 d5 6.Bd3 dxe4 7.Bxe4 Bd6 8.O-O O-O
9.Re1 Re8 10.d3 Bg4 11.h3 Bh5 12.c3 Bg6 13.Be3 Qd7 14.Nh4 f5 15.Bxc6 Qxc6
16.Nxg6 hxg6 17.d4 f4 18.dxe5 fxe3 19.exd6 exf2+ 20.Kxf2 Qb6+ 21.Qd4 Qxb2+
22.Kg3 cxd6 23.Rab1 Qa3 24.Rxb7 Re5 25.Rxe5 dxe5 26.Qxe5 Qf8 27.c4 Kh7 28.Re7 Rd8
29.Rxa7 Rd2 30.Kh2 Rc2 31.c5 Rxc5 32.Rxg7+ Kh6 33.Rg8 Qxg8 34.Qxc5 Qxa2 35.h4 Qe6
36.Qg5+ Kh7 37.Qf4 Qd5 38.Kg3 Qd3+ 39.Kg4 Qd7+ 40.Kf3 Qd1+ 41.Kf2 Qc2+ 42.Kg1 Qd1+
43.Kh2 Qd7 44.Qe5 Qa4 45.Kg3 Qb3+ 46.Kf4 Qf7+ 47.Kg5 Qd7 48.g3 Qd8+ 49.Qf6 Qd5+
50.Kf4 Qc4+ 51.Ke3 Qb3+ 52.Kf2 Qa2+ 53.Kg1 Qa3 54.Qf7+ Kh6 55.Kh2 Qc5 56.Kh3 Qc8+
57.Kh2 Qc2+  1/2-1/2

[Event "9th Amplico Life Rapid"]
[Site "Warsaw POL"]
[Date "2009.12.19"]
[Round "1"]
[White "Ivanchuk,V"]
[Black "Somyk,M"]
[Result "1-0"]
[WhiteElo "2739"]
[BlackElo "1888"]

1.e4 c5 2.Nf3 Nc6 3.Bb5 e6 4.Bxc6 bxc6 5.d3 d6 6.e5 f6 7.exd6 Bxd6 8.Nbd2 e5
9.Ne4 Bg4 10.h3 Bh5 11.Be3 Qe7 12.Qe2 Bf7 13.Nfd2 Rb8 14.b3 Nh6 15.Nxd6+ Qxd6
16.Ne4 Qd5 17.Bxh6  1-0

[Event "9th Amplico Life Rapid"]
[Site "Warsaw POL"]
[Date "2009.12.19"]
[Round "2"]
[White "Maleki,N"]
[Black "Ivanchuk,V"]
[Result "0-1"]
[WhiteElo "2184"]
[BlackElo "2739"]

1.d4 Nf6 2.c4 e6 3.Nc3 Bb4 4.Qc2 d5 5.cxd5 exd5 6.a3 Bxc3+ 7.bxc3 c5 8.e3 O-O
9.Nf3 Re8 10.Bd3 c4 11.Bf5 Bxf5 12.Qxf5 Ne4 13.Bd2 Nc6 14.h4 h6 15.g4 Re6
16.Qh5 Nf6 17.Qf5 Ne7 18.Qf4 Re4 19.Qg3 Nxg4 20.Ne5 Nxe5 21.dxe5 Nf5 22.Qh3 Rxh4
23.Qg2 Rxh1+ 24.Qxh1 Qd7 25.Ke2 Re8 26.f4 Ng3+  0-1

[Event "9th Amplico Life Rapid"]
[Site "Warsaw POL"]
[Date "2009.12.19"]
[Round "4"]
[White "Urban,K"]
[Black "Ivanchuk,V"]
[Result "0-1"]
[WhiteElo "2478"]
[BlackElo "2739"]

1.Nf3 Nf6 2.c4 g6 3.g3 Bg7 4.Bg2 d6 5.d4 O-O 6.Nc3 Nc6 7.O-O a6 8.h3 Rb8
9.e4 b5 10.cxb5 axb5 11.Re1 e6 12.d5 b4 13.dxc6 bxc3 14.bxc3 e5 15.c4 Rb6
16.c5 Rxc6 17.cxd6 cxd6 18.Bg5 Ba6 19.Nh2 Qa5 20.Ng4 Nxg4 21.hxg4 Rfc8 22.a3 Rc2
23.Be3 Bf8 24.Bf1 Bxf1 25.Kxf1 Qa4 26.Qd5 R8c4 27.Rab1 Rxe4 28.Rb8 Qc4+ 29.Qxc4 Rexc4
30.g5 Rc8 31.Rb5 Ra8 32.Ra1 Rc4 33.Bd2 Be7 34.Bb4 Kf8 35.Rd1 Rc6 36.Kg2 Ke8
37.f4 Rd8 38.Kf3 f6 39.gxf6 Bxf6 40.Rbd5 exf4 41.gxf4 Ke7 42.Re1+ Kd7 43.f5 Rf8
44.Rh1 Rf7 45.fxg6 hxg6 46.Ke4 Ke6 47.Rb5 Be5 48.Rg1 Rf4+ 49.Kd3 Kf5 50.Bd2 Rf3+
51.Ke2 Rxa3 52.Rg5+ Kf6 53.Rb8 Rc2 54.Rf8+ Kg7 55.Rf2 Raa2  0-1

[Event "9th Amplico Life Rapid"]
[Site "Warsaw POL"]
[Date "2009.12.19"]
[Round "5"]
[White "Ivanchuk,V"]
[Black "Vovk,Y"]
[Result "1-0"]
[WhiteElo "2739"]
[BlackElo "2546"]

1.e4 c5 2.Nf3 Nc6 3.d4 cxd4 4.Nxd4 Nf6 5.Nc3 d6 6.Be2 e5 7.Nb3 Be7 8.O-O O-O
9.Kh1 a5 10.a4 Be6 11.f4 exf4 12.Bxf4 d5 13.e5 Ne4 14.Bd3 f5 15.exf6 Nxf6
16.Nb5 Rc8 17.Qe1 Qd7 18.Nxa5 Nb4 19.Nd4 Bg4 20.Bb5 Qd8 21.Nxb7  1-0

[Event "9th Amplico Life Rapid"]
[Site "Warsaw POL"]
[Date "2009.12.19"]
[Round "8"]
[White "Neiksans,A"]
[Black "Ivanchuk,V"]
[Result "0-1"]
[WhiteElo "2487"]
[BlackElo "2739"]

1.e4 c5 2.Nf3 d6 3.d4 Nf6 4.Nc3 a6 5.Be2 cxd4 6.Nxd4 e6 7.Be3 Be7 8.f4 Qc7
9.O-O O-O 10.a4 b6 11.Bf3 Bb7 12.g4 Nc6 13.g5 Nd7 14.Nb3 Rfe8 15.Bg2 Bf8
16.Qd2 Na5 17.Nxa5 bxa5 18.Rad1 Bc6 19.b3 Qb7 20.Bd4 Rac8 21.f5 Nc5 22.g6 hxg6
23.fxg6 fxg6 24.Qf2 g5 25.Rde1 Rc7 26.Qg3 Qb4 27.Qe3 Be7 28.e5 Bxg2 29.Kxg2 d5
30.Rd1 Bd8 31.h3 Nd7 32.Qf3 Rf8 33.Qg4 Rxc3 34.Qxe6+ Kh7 35.Bxc3 Qe4+ 36.Kg3 Qe3+
37.Kg2 Qe2+ 38.Kg3 Nc5 39.Qg4 Ne4+ 40.Qxe4+ dxe4  0-1